000 007160000a22002170004500
003 LK-CoMWRAF
008 230817t1984 ||||| |||| 00| 0 eng d
020 _a0865316368
040 _aLK-CoMWRAF
_dLK-CoMWRAF
_eLK-CoMWRAF
041 _aeng
082 _a297.095
_bISL
111 _aINTERNATIONAL CONFERENCE ON ISLAM IN SOUTHEAST AND EAST ASIA
_c(Hebrew University of Jerusalem
_d April 1977 )
245 _aIslam in Asia:
_bVolume 11 Southeast and East Asia
260 _aBoulder:
_bWestview Press,
_c1984
300 _avi, 332 p.
_bIndex included
650 _aISLAM-Asia--Congresses
650 _aMuslims--Asia--History
700 _aIsraeli,, Raphael
_eed.
700 _a Johns, Anthony H.
_eed.
942 _cCP
999 _c1366
_d1366